[Event "Dos Hermanas-A"]
[Site "Dos Hermanas"]
[Date "2003.04.02"]
[Round "6"]
[White "Rustemov, Alexander"]
[Black "Karjakin, Sergey"]
[Result "1-0"]
[WhiteElo "2604"]
[BlackElo "2547"]
[Annotator "Ribli,Z"]
[PlyCount "127"]
[EventDate "2003.03.28"]
[EventType "tourn"]
[EventRounds "9"]
[EventCountry "ESP"]
[EventCategory "16"]
[SourceTitle "CBM 095"]
[Source "ChessBase"]
[SourceDate "2003.07.25"]
[SourceVersion "1"]
[SourceVersionDate "2003.07.25"]
[SourceQuality "1"]

1. c4 {Ftacnik} c5 2. Nf3 Nc6 3. d4 cxd4 4. Nxd4 Nf6 5. Nc3 e6 6. g3 Qb6 7.
Ndb5 Bc5 {Dieser Zug hat keinen guten Ruf - die Alternative 7...Ne5 ist die
beste Fortsetzung für Schwarz.} (7... Ne5 $5) 8. Bg2 $5 {Das ist die
chancenreichste Fortsetzung für Weiß - er muss den f2-Bauern nicht verteidigen.
} (8. Nd6+ Ke7 9. Nde4 Nxe4 10. Nxe4 Bb4+ 11. Bd2 Bxd2+ 12. Qxd2 Qb4 $1 13. Rd1
Qxd2+ 14. Rxd2 d5 $1 15. cxd5 exd5 16. Nc5 b6 17. Nb3 Be6 18. Bg2 Rhd8 {
Tsesarsky,I-Shevelev,A/Kfar-Saba 1997/1/2-1/2 (57)}) 8... d5 {Ftacnik: 'The
novelty in a very sharp position, black would be glad to solve the question of
the backward d7 pawn. ' Dieser Zug ist eigentlich eine theoretische Neuerung.}
(8... a6 9. Nd6+ Ke7 10. Nde4 Nxe4 11. Nxe4 Bb4+ 12. Kf1 $1 (12. Bd2 Bxd2+ (
12... d5 $6 13. cxd5 exd5 14. Nc3 Be6 15. O-O Rad8 16. Na4 Qa5 17. Bxb4+ Qxb4
18. a3 Qd6 19. Rc1 {1-0 Christiansen,L-Ristic,N/BL9697 (30)}) 13. Qxd2 Qb4 14.
c5 Rb8 15. Rc1 Qxd2+ 16. Nxd2 (16. Kxd2 $5 b6 17. b3 bxc5 18. Nxc5 $14) 16...
b6 17. Bxc6 dxc6 18. cxb6 Rxb6 19. Nc4 Rb5 20. f4 $14 {1/2-1/2 Cifuentes
Parada,R-Izeta Txabarri,F/Ampuriabrava 1997/CBM 62/[Ribli] (42)}) 12... d6 13.
Be3 Qd8 14. Qc2 Qa5 15. a3 f5 16. Rd1 fxe4 17. axb4 Qxb4 18. Bxe4 h6 19. Kg2 $6
(19. Ra1 $142 $18) 19... Ne5 20. Bd4 Bd7 (20... Nxc4 21. Bxg7 Rg8 22. Bc3 Qb5
23. Bf3 $18) 21. Bc3 (21. c5 Rhc8 22. Qc3 $3 Qxc3 23. cxd6+ Kf7 24. Bxc3 $16)
21... Qb6 22. Bxe5 dxe5 23. c5 {1-0 Marin,M-Sion Castro,M/Benasque 1999/CBM 72/
[Marin,M] (37)}) (8... Bxf2+ 9. Kf1 Ng4 10. Qd6 $44 (10. Na4 $5) 10... Kd8 11.
Bg5+ f6 12. Na4 Qa6 13. h3 Qxa4 14. hxg4 Bb6 15. Rxh7 Re8 {1/2-1/2 Greenfeld,
A-Yemelin,V/Beersheba 1998/EXT 99 (27)}) (8... Ne5 9. O-O Nxc4 10. Qa4 a6 11.
Qxc4 axb5 12. Qxb5 Qxb5 13. Nxb5 Ke7 14. Bd2 d6 15. b4 Bb6 16. a4 d5 17. a5 Bd7
{1/2-1/2 Serper,G-Rodriguez,A/Reno 1999/EXT 2003 (17)}) 9. O-O dxc4 (9... a6 {
Ftacnik} 10. Na4 Qa5 11. Nxc5 axb5 12. cxd5 $16) 10. Nd6+ {[%mdl 4] Dieses
Springerschach ist die natürliche Fortsetzung, aber 10.Bf4!? kommt auch stark
in Betracht.} (10. Bf4 $5) 10... Bxd6 (10... Ke7 {Ftacnik} 11. Nxc4 Qa6 12. Qa4
Qxa4 13. Nxa4 Bb4 14. a3 Bd6 15. Nxd6 Kxd6 16. Rd1+ $16) 11. Qxd6 Ne7 (11...
Nb4 12. Qe5 O-O 13. Bh6 $1 {Nach diesem schönen Zug droht 14.Bxg7.} Ne8 (13...
Nbd5 14. Bxg7 Kxg7 15. Bxd5 exd5 16. Nxd5 Qe6 17. Qg5+ $18) 14. Be3 Qa6 15. Bc5
Qa5 16. Qd4 Nc2 17. Qxc4 Nxa1 18. Rxa1 $36) 12. Qa3 $44 {[%csl Ga3][%cal Ga3f8]
Weiß hat einen Bauern weniger, aber großen Entwicklungsvorteil und das
Läuferpaar. Es ist nicht leicht für Schwarz zu rochieren.} Nfd5 (12... Bd7 13.
Be3 $44) 13. Ne4 $5 {[%csl Yd6]} (13. e4 Nxc3 (13... Nb4 $2 14. Be3 $18) 14.
Qxc3 (14. bxc3 $44) 14... O-O 15. Be3 Qc7 16. Rfc1 $14) 13... O-O 14. Nd6 c3
15. e4 {'!' Ftacnik.} (15. bxc3 Rd8 $11) 15... Nb4 (15... cxb2 16. Bxb2 Nb4 17.
Rfd1 $44) 16. Nc4 (16. Nxc8 Raxc8 17. Be3 Qb5 (17... Nc2 18. Qxe7 Nxe3 19. fxe3
Qxe3+ 20. Kh1 cxb2 $132) 18. bxc3 Nbc6 19. Rab1 $16) 16... Qc5 {'?!' Ftacnik.
Ftacnik: 'This modest move ensures, that black will not be mated, but from the
positional point of view he is facing great suffering without the dark squared
bishop.'} (16... cxb2 17. Bxb2 Qc5 18. Rac1 $44 {[%csl Gb2][%cal Gc1c5] '+/='
Ftacnik.}) 17. Qxc3 $14 {Endlich hat Weiß den Bauern zurückgewonnen und behält
positionellen Druck am Damenflügel.} b5 (17... Nbc6 18. Rd1 $16) 18. Na3 Qxc3
19. bxc3 Nd3 20. Nxb5 Nxc1 21. Rfxc1 {Weiß hat einen Bauern mehr, aber die
technische Verwertung des Materialvorteils ist nicht leicht, weil der c3P
schwach ist.} e5 {Schwarz muss die Diagonale des Bg2 geschlossen halten.} 22.
Nc7 Rb8 23. Rab1 Bd7 24. Nd5 $16 {Ftacnik: 'Rustemov has won the whole pawn
and the position should be technically won.'} Nc6 (24... Nxd5 25. exd5 $16) 25.
Bf1 {[%cal Gf1a6] Der katalanische Läufer war eingeschlossen auf g2, also
findet er eine andere Diagonale.} Rxb1 26. Rxb1 {[%mdl 4096]} Rb8 27. Rb3 (27.
Rxb8+ Nxb8 28. f4 $16) 27... Kf8 (27... Rxb3 28. axb3 $16 {[%csl Gb3,Gc3]}) 28.
f3 Be6 29. Kf2 Rd8 30. Rb5 Ne7 31. c4 (31. Nxe7 Kxe7 32. Ke3 $16 (32. Rxe5 Rd2+
{[%cal Rd2a2,Rd2f2]} 33. Ke3 Rxa2 $14)) 31... Nc6 {[%csl Yd4][%cal Gc6d4]} 32.
Ke3 Rc8 (32... Nd4 33. Rb7 $16) 33. f4 f6 (33... exf4+ 34. gxf4 $16) 34. Bd3
Bd7 35. Rb7 Ke8 36. Kd2 {[%cal Gd2c3] Mit diesem Zug verbessert Weiß seine
Königsstellung.} Kd8 37. Kc3 Rb8 38. Rb5 Rc8 (38... Rxb5 39. cxb5 Nd4 40. a4
$16) 39. h4 h6 40. a3 Be6 41. Rb7 Bd7 42. fxe5 fxe5 43. Ne3 {[%cal Ge3f5]} g6
44. Nd5 {[%cal Gd5f6]} Rb8 (44... Nd4 45. Kd2 $16 (45. Rxa7 $4 Nb5+ $19)) 45.
Rb5 Rc8 46. Rc5 Nd4 47. Ra5 Nc6 48. Ra6 {[%csl Ga6][%cal Ga6a7,Ga6h6]} g5 49.
Nb4 $1 gxh4 (49... Nxb4 50. axb4 $18) 50. gxh4 Rc7 51. Bc2 {[%cal Gc2a4,Ga4d7]
Ftacnik: 'Despite black's heroic resistance there are too many factors
speaking in white's favour. The transfer of the bishop to a4 definitely breaks
the defensive set up of Karjakin. '} h5 52. Bd1 (52. Ba4 Nxb4 53. axb4 $18)
52... Nxb4 53. axb4 Bc6 54. Ra5 Re7 (54... Bxe4 55. Rxe5 {[%csl Re4,Rh5]}) 55.
Bf3 Be8 56. Kd3 Bf7 57. c5 {Die weißen Bauern am Damenflügel sind nicht zu
halten.} Rd7+ 58. Kc3 Bg8 59. Bxh5 Rh7 60. Bg6 Rxh4 61. Bf5 {[%csl Ra7]} Bf7
62. Rxa7 $18 Be8 63. Ra8+ Ke7 64. Ra6 1-0

[Event "Dos Hermanas-A"]
[Site "Dos Hermanas"]
[Date "2003.03.29"]
[Round "2"]
[White "Vallejo Pons, Francisco"]
[Black "Karjakin, Sergey"]
[Result "1-0"]
[WhiteElo "2629"]
[BlackElo "2547"]
[Annotator "Ribli,Z"]
[PlyCount "73"]
[EventDate "2003.03.28"]
[EventType "tourn"]
[EventRounds "9"]
[EventCountry "ESP"]
[EventCategory "16"]
[SourceTitle "CBM 095"]
[Source "ChessBase"]
[SourceDate "2003.07.25"]
[SourceVersion "1"]
[SourceVersionDate "2003.07.25"]
[SourceQuality "1"]

1. Nf3 {Ftacnik} c5 2. c4 Nc6 3. d4 cxd4 4. Nxd4 Nf6 5. Nc3 e6 6. a3 {Diese -
auf den ersten Blick - genügsame Fortsetzung ist gar nicht ungefährlich für
Schwarz. Mit dem Textzung verhindert Weiß die Möglichkeit Bb4.} Nxd4 {Mit
dieser Fortsetzung möchte Schwarz den Umstand ausnutzen, dass die weiße Dame
auf d4 exponiert wird. Ich muss bemerken, dass Schwarz statt dieser
Fortsetzung einige Alternativen hat, wie 6...Be7 (eine sichere Fortsetzung), 6.
..Bc5 7.Nb3 Be7 und 6...d5.} (6... Be7) 7. Qxd4 b6 8. Qf4 {Mit diesem - auf
den ersten Blick sonderbaren - Damenzug bereitet Weiß Qg3 vor.} (8. Bf4) (8. e4
) 8... Bb7 (8... Be7 9. e4 d6 10. Qg3 O-O 11. Bh6 Ne8 12. Bf4 (12. Bd2 Nf6 13.
Bh6 Ne8 14. Bd2 Nf6 {1/2-1/2 Delchev,A-Yemelin,V/Zadar CRO 2002/(14)}) 12... e5
13. Bd2 f5 14. Qd3 Be6 15. exf5 Bxf5 16. Qe3 Nf6 17. Be2 Rc8 18. O-O {1-0
Nogueiras,J-Caceres Cortes,J/Montreal 2002/CBM 89 ext (28)}) (8... d6 9. e4 Nd7
10. Qg3 Ba6 $2 (10... a6 $142 11. b4 $140 Bb7 12. Bb2 Rc8 13. Rd1 Ne5 $132) 11.
Bg5 $1 Qc7 12. Rc1 Rc8 13. Be2 {1-0 Avrukh,B-Sutovsky,E/Tel Aviv 2002/CBM 93/
[Avrukh,B] (42)}) 9. e4 d6 10. Bd3 {Ftacnik: 'White queen on f4 will become
the source of great ennoyance to the opponent.'} (10. Be3 Be7 11. Bd3 O-O 12.
O-O Nd7 13. Qg3 Ne5 14. Be2 Rc8 15. b3 Bf6 16. Rac1 Ng6 {1/2-1/2 Kortschnoj,
V-Sax,G/Wijk aan Zee 1991/Candidates/[Ribli] (28)}) (10. Be2 Be7 11. O-O O-O
12. Rd1 Qb8 (12... a6 13. e5 (13. b3 $142) 13... dxe5 14. Qxe5 Qc8 15. Be3 Bc6
16. Qg3 Qb7 17. Bh6 Ne8 18. Bf4 Bf6 19. Rac1 b5 {0-1 Chuchelov,V-Georgiev,K/
Mainz 2002/CBM 89 ext (46)}) 13. b3 Rd8 14. Bb2 Bc6 15. Qg3 Bf8 16. Bf3 Nd7 17.
Rab1 a6 18. a4 Nc5 19. Ba1 Qc7 20. Re1 Rac8 21. h4 {1-0 Gorbatow,A-Lengyel,L/
Budapest 1997/CBM 61 ext (30)}) (10. Qg3 $5) 10... a6 (10... Be7 11. Qg3 $1 O-O
12. Bh6 Ne8 13. Bd2 Rc8 14. O-O Bf6 15. Rac1 g6 16. b3 a6 17. Qe3 $6 (17. Rfd1
$142 Bg7 18. Bg5) 17... Bg7 18. Na4 Rc6 {1-0 Kortschnoj,V-Sax,G/Wijk aan Zee
1991/Candidates/[Kortschnoj] (45)}) (10... Rc8 11. O-O Ba6 12. b3 g6 13. Bb2
Bg7 14. Rad1 O-O 15. Be2 Nd7 16. Na4 {1-0 Speelman,J-Kinsman,A/Hove 1997/EXT
99 (28)}) 11. O-O Nd7 12. Qg3 {[%csl Gg3][%cal Gg3g7]} Qc7 {Dieser Damenzug
ist normalerweise eine gewöhnliche Fortsetzung in der Igelstellung, aber es
wäre besser für Schwarz zuerst 12...g6 zu spielen, weil er in der Partie damit
zu spät kommt.} (12... g6 13. Bf4 Qc7 (13... h5 $5 14. Rfd1 h4 $13) 14. Bc2 (
14. Rad1 $5) 14... h5 $5 15. Ba4 Bc6 16. Bxc6 Qxc6 $11 17. h4 $6 (17. Rfd1 $5)
17... Be7 {0-1 Lautier,J-Topalov,V/Cannes 2002/CBM 88/[Ribli] (41)}) 13. Be3 g6
$6 {Dieser Zug gefällt mir nicht - es wäre besser 13...Ne5 zu spielen.} (13...
Ne5 $5) 14. Bd4 $1 $14 {[%mdl 4] Ftacnik: 'Vallejo Pons has found a new and
elegant method of putting black's development under the question mark.'} e5 (
14... Ne5 15. f4 Nxd3 16. Qxd3 $16 (16. Bxh8 Qc5+ 17. Kh1 Nxb2 $13 {'='
Ftacnik.}) 16... e5 {Ftacnik} 17. fxe5 dxe5 18. Bf2 Bc5 19. b4 $16) (14... Rg8
{Ftacnik} 15. Rad1 Bg7 16. Be2 $16) 15. Be3 {[%csl Yd5,Gf8] Weiß hat großes
positionelles Übergewicht - das d5-Feld ist ein ewiges positionelles Loch in
der schwarzen Stellung und Weiß hat großen Entwicklungsvorsprung.} Bg7 16. Nd5
{[%csl Gd5]} Qd8 (16... Bxd5 17. cxd5 $16 {[%csl Yc6][%cal Ga1c1,Gc1c7]}) 17.
h4 {[%cal Gh4h5]} O-O (17... h5 18. Bg5 $16) 18. h5 $36 {Weiß hat starke
Initiative am Königsflügel.} Nc5 (18... Re8) 19. h6 $1 Bh8 (19... Nxd3 $2 20.
hxg7 (20. Bxb6 Nf4) 20... Kxg7 21. Bxb6 $18) (19... Bf6 $142 $16) 20. b4 $1 {
Alles kommt mit Tempo für Weiß.} Nd7 (20... Nxd3 $2 21. Bxb6 Qd7 (21... Nf4 22.
Bxd8 Ne2+ 23. Kh2 Nxg3 24. Ne7#) 22. Qxd3 $18) (20... Bxd5 21. bxc5 Bb7 22.
cxb6 f5 23. exf5 e4 24. Bc2 Bxa1 25. Rxa1 Rxf5 26. Rd1 $16) 21. Bg5 $16 {
Mit diesem starkem Läuferzug provoziert Weiß eine weitere Schwächung in der
schwarzen Stellung.} f6 22. Be3 {Die schwarze Stellung ist sehr passiv, der
b6P ist immer schwach und im Falle von Bxd5 cxd5 wäre der schwarze Damenflügel
sehr geschwächt.} Rf7 23. Be2 {[%cal Ge2g4,Gg4e6] Die weisse Drohung ist 24.
Bg4.} Kf8 24. Rad1 {[%cal Gd1d8] Ftacnik: 'A forceful play has enabled white
to win the strategic fight, black has no compensation for the remarkably
passive pieces.'} (24. Bg4 f5 25. exf5 gxf5 26. Bh5 Bxd5 27. cxd5 f4 $132)
24... f5 {Das ist der einzige aktive schwarze Zug in der Partie, aber danach
gerät der schwarze König in große Not.} (24... a5 25. f4 axb4 26. axb4 Ra2 27.
Rf2 $16) 25. exf5 gxf5 26. f4 $1 {[%cal Gf1f8]} Bxd5 (26... e4 27. Bh5 $16) 27.
Rxd5 Nf6 28. Rd3 (28. Rdd1 $16) 28... Ne4 (28... e4 29. Rd2 $16 {[%cal Gf1d1,
Gc4c5,Gd1d6]}) 29. Qh3 {[%csl Rf5] Droht 30.Bh5 und der f5P ist nicht
verteidigungsfaehig.} Qc8 30. Bh5 Rf6 (30... Qxc4 31. Bxb6 Rf6 32. fxe5 dxe5
33. Rxf5 $18) 31. Bxb6 Qxc4 32. fxe5 dxe5 33. Rxf5 $18 {[%mdl 128] Weiß hat
einen Bauern mehr, aber noch wichtiger ist: Der schwarze König befindet sich
im Mattnetz.} Qc1+ 34. Rd1 Qxh6 35. Be3 $1 (35. Rd7 $18) 35... Qg7 36. Bf3 (36.
Qf3 $18) 36... Nc3 37. Bh6 1-0

[Event "Harplinge"]
[Site "Harplinge"]
[Date "1998.08.21"]
[Round "7"]
[White "Agrest, Evgenij"]
[Black "Emms, John M"]
[Result "1/2-1/2"]
[WhiteElo "2545"]
[BlackElo "2585"]
[Annotator "Ribli,Z"]
[PlyCount "117"]
[EventDate "1998.08.15"]
[EventType "tourn"]
[EventRounds "9"]
[EventCountry "SWE"]
[EventCategory "12"]
[SourceTitle "CBM 067"]
[Source "ChessBase"]
[SourceDate "1998.11.30"]
[SourceVersion "2"]
[SourceVersionDate "1998.11.01"]
[SourceQuality "1"]

{[%mdl 4096]} 1. c4 c5 2. Nf3 Nc6 3. d4 {Weiß vermeidet so die Variante 3.Nc3
Nd4. Ribli.} cxd4 4. Nxd4 Nf6 5. Nc3 e6 6. g3 {Nur dieser Zug bietet meines
Erachtens dem Weißen Chancen auf Eröffnungsvorteil.} Qb6 {Dieser Zug führt zu
scharfem taktischen Spiel.} 7. Ndb5 (7. Nb3) 7... Ne5 (7... d5) (7... Bc5) 8.
Bg2 (8. Bf4 Nfg4 9. e3 a6 $13 {Das ist eine sehr komplizierte Variante mit
beiderseitigen Chancen.}) 8... a6 9. Qa4 Rb8 {Eine so scharfe Stellung ist für
die Englische Eröffnung untypisch.} (9... Neg4 10. O-O Rb8 11. b4 (11. Na3 Bc5
12. Nd1 O-O 13. Rb1 Be7 14. Ne3 Ne5 15. b4 d6 16. Bb2 Bd7 17. Qb3 Qc7 18. Rbc1
b6 19. h3 Rfc8 20. Nb1 Qa7 21. a3 Bc6 $13 {0-1 Hjartarson,J-Portisch,L/
Budapest 1989 (44)}) 11... axb5 12. Nxb5 d5 13. Nd6+ Ke7 14. c5 Qa6 15. Qc2 Ne8
16. b5 Qa8 17. Bf4 Nxd6 $2 (17... f5) 18. Bxd6+ Ke8 19. Bxb8 Qxb8 20. a4 Qc7 $2
(20... f5) 21. Rfc1 f5 22. a5 Ne5 23. c6 b6 24. axb6 Qxb6 25. Ra8 Kd8 26. Rb8
$1 {1-0 Kramnik,V-Anand,V/Monaco 1994 (26)}) (9... Bc5 10. O-O Nxc4 11. Qxc4
axb5 12. Qxb5 Qxb5 13. Nxb5 Ke7 14. Bd2 Rd8 $2 (14... d5 15. Rfc1 b6 16. b4 Bd6
17. Nxd6 Kxd6 18. b5 $14) 15. a4 d5 (15... d6 16. b4) 16. Rfc1 b6 17. b4 Bd6
18. Nxd6 Kxd6 19. b5 Bb7 20. Bf4+ $1 e5 21. Bd2 $18 {1-0 Vaganian,R-Dvoirys,S/
USSR-ch 1989 (38)}) 10. Be3 Bc5 (10... axb5 11. Bxb6 bxa4 12. Bc7) 11. Bxc5
Qxc5 12. Qa3 (12. b4 axb5 13. Nxb5 Qe7 14. Qa7 Qxb4+ 15. Kf1 O-O 16. Qxb8 Nxc4)
12... b6 $5 (12... Qxa3 13. Nxa3 d6 14. f4 Nc6 15. Rd1 (15. O-O-O Ke7 16. Rd2
Nb4 17. Bf3 Bd7 18. Rhd1 d5 19. g4 Bc6 20. g5 Ne4 21. Rd4 Rbc8 $11 {0-1
Speeelmnan,J-Timmman,J/London m 1989 (54)}) 15... Ke7 16. O-O Bd7 17. Rd2 Rhd8
18. Rfd1 Be8 19. Bf3 Nb4 {1/2-1/2 Christiansen,L-Schlosser,P/BL9596 (62)}) 13.
Nd6+ (13. b4 $2 {Dieser aggressive Zug ist nur scheinbar gut.} Qe7 14. Nc7+ (
14. c5 bxc5 (14... axb5 $2 15. Qa7 {[%csl Rb8][%cal Ra7b8]}) 15. Nc7+ Kf8 16.
bxc5 Nc4 $19 {[%csl Gb8,Gc4,Rc7,Ge7]}) 14... Kd8 15. Nxa6 Nxc4 16. Qa4 b5 17.
Nxb5 Bxa6 18. Qxa6 Qxb4+ $19) 13... Ke7 14. Qxc5 bxc5 {[%csl Gb8][%cal Gb8b2]
Nach dem Damentausch kann Schwarz zufrieden sein. Er hat keine Schwächen und
der weiße Läufer hat auf der langen Diagonalen keine Angriffspunkte.} 15. Nxc8+
(15. O-O-O Neg4 (15... Nfg4 16. f4 Ng6 17. Rd2 Ne3 18. Bf3 $14 {[%csl Rc8,Gd6]}
) 16. Nce4 Nxe4 17. Nxe4 Bb7 $132 {[%csl Gb7,Rf2,Gg4][%cal Gb7h1]}) 15... Rhxc8
{[%cal Re5c4]} 16. b3 g5 $5 {[#] Ich glaube, das ist die beste Möglichkeit für
Schwarz. Die Alternative 16...d5 führt zu interessantem Spiel, sollte aber
letzlich vorteilhaft für Weiß sein, während dieser starke positionelle Zug dem
Schwarzen sehr gute Ausgleichschancen bietet.} (16... d5 $6 17. cxd5 c4 18. b4
Rxb4 19. dxe6 (19. h3 $6 Ne8 20. f4 Nd7 21. dxe6 fxe6 22. Be4 Nef6 23. Bc2 Nc5
24. Rd1 $2 (24. O-O-O $1 Nb3+ 25. Kb2 Nd4+ 26. Kc1 Nb3+) 24... Rb2 25. Rd2 Rd8
{0-1 Timman,J-Alterman,B/Pula 1997 (33)}) 19... fxe6 20. h3 Rd8 (20... Ned7)
21. Rd1 $14 {1-0 Ehlvest,J-Rytshagov,M/Jyvaskyla 1997 (35)}) 17. h3 $146 {
Weiß blockiert die schwarzen Bauern am Königsflügel. Die schwarze Strategie
ist klar: ...h7-h5 nebst ...g5-g4 und der Springer hat eine feste Stellung auf
e5.} (17. Rd1 h5 18. h3 g4 19. hxg4 hxg4 20. Kd2 Rh8 21. Ke3 Rxh1 22. Rxh1 d6
23. Rh6 a5 24. Kd2 Rd8 25. Kc2 Rb8 26. Bh1 Nfd7 27. Nd1 a4 28. Ne3 axb3+ 29.
axb3 Rg8 {1/2-1/2 Holst,A-Emms,J/Copenhagen op 1994 (94)}) (17. O-O-O h5 18. h4
gxh4 19. Rxh4 Ng6 20. Rhh1 Rh8 21. Be4 Ng4 22. Bxg6 fxg6 23. Ne4 Rbc8 24. f3
Ne5 25. Rd6 g5 {1/2-1/2 Duncan,C-Emms,J/Gausdal 1996 (25)}) 17... h5 18. f4 {
Weiß verjagt den Springer, schwächt aber seine Königsstellung.} (18. Rd1 g4 19.
hxg4 hxg4 $11 {[%cal Gc8h8]}) 18... gxf4 19. gxf4 Ng6 $11 {[%csl Yh4][%cal
Gg6h4,Rg6f4]} 20. Rf1 (20. e3 d6 21. Kf2 Nh4 $11 {[%csl Gh4]}) 20... d6 21. Bh1
(21. f5 $2 Nh4 $17 {[%csl Rf5][%cal Rh4g2,Rh4f5]} (21... Ne5 $15 {[%csl Ge5]}))
(21. e4 Nh4 22. Bh1 Rg8 $132) 21... Rg8 22. e3 Nh4 {[%csl Yg3][%cal Gg8g3]
Schwarz droht 23...Rg3.} 23. Kf2 Nf5 24. Rg1 (24. Bf3 Nh4 (24... h4) 25. Bh1
Nf5 $11) 24... h4 {[%csl Yg3] Schwarz hat auf g3 ein schönes Springerfeld.} 25.
Bf3 Rxg1 (25... Ng3 $11 {[%csl Gg3]}) 26. Rxg1 Ng3 {[%csl Gg3]} 27. Rd1 (27.
Ne2 Nfe4+ 28. Bxe4 Nxe4+ 29. Ke1 a5 $17 {[%csl Ga5,Gb8,Re1,Ge4] Der schwarze
Plan ist typisch. Er nutzt die halboffene Linie und droht, ...a5-a4 zu spielen.
}) 27... Nd7 28. Bc6 (28. Ne2 Nxe2 29. Kxe2 Rg8 $11) 28... f5 {[%csl Ge4]} 29.
Bxd7 {Es ist notwendig, den starken Springer zu tauschen.} (29. Kf3 Nf6 $15)
29... Kxd7 $15 {Schwarz hat einen kleinen Positionsvorteil. Sein Springer
steht ausgezeichnet auf g3. Der weiße Springer muß hingegen wegen der Drohung .
..a4 auf c3 bleiben. Schwarz hat die Bauernmehrheit im Zentrum und kann im
folgenden ...d5 spielen.} 30. Rg1 (30. Kf3 Kc6) 30... Kc6 31. Kf3 a5 32. e4 $5
{Das ist vielleicht die letzte Chance für e3-e4, sonst spielt Schwarz 32...d5.
Schwarz hat im Turmendspiel die Oberhand, aber Weiß besitzt gute Remischancen.}
(32. Rg2 d5 33. cxd5+ exd5 $15) (32. Nb5) 32... fxe4+ 33. Nxe4 Nxe4 (33... Nf5)
34. Kxe4 a4 $1 {Dieser Durchbruch ist auch im Endspiel stark.} (34... d5+ $6
35. Ke5 dxc4 36. bxc4 Rb2 37. Kxe6 $14 {[%csl Rc6,Ge6,Gf4]}) 35. bxa4 $5 (35.
Rb1 d5+ 36. cxd5+ (36. Ke5 dxc4 37. Kxe6 cxb3 38. axb3 Rxb3 $19) 36... exd5+
37. Ke3 Kd6 $15) 35... Rb4 {[%csl Ra2,Ra4,Gb4,Rc4]} 36. Rc1 (36. a5 $2 Rxc4+
37. Kf3 Ra4 $17 {[%csl Ga4]}) 36... Rxa4 (36... d5+ 37. Ke5 Rxa4 (37... Rxc4
38. Rxc4 dxc4 39. Ke4 (39. Kxe6 c3 40. f5 c2 41. f6 c1=Q 42. f7 Qh6+) 39... Kb6
40. Ke3 Ka5 41. Kd2 Kxa4 42. Kc3 Kb5 43. a4+ $18 {Schwarz muß den a-Bauern
nehmen, verliert dann aber seine c-Bauern und auch das Bauernendspiel.}) 38. f5
$11) 37. f5 {Weiß möchte Bauern tauschen.} (37. Rc2 Ra3 $17 (37... d5+)) 37...
exf5+ (37... d5+ 38. Ke5 Rxc4 39. Rxc4 dxc4 40. f6 c3 (40... Kd7 41. Ke4 $18 {
[%csl Ga2,Gf6] Weiß kann die schwarzen Bauern leicht aufhalten, während der
schwarze König gegen die a- und f-Freibauern machtlos ist.}) 41. f7 c2 42. f8=Q
c1=Q 43. Qe8+ $11) 38. Kxf5 d5 (38... Rxa2 39. Kg5) 39. cxd5+ Kxd5 40. Rc2 {
Schwarz hat die aktiveren Figuren und einen starken Freibauern, aber Weiß
verfügt noch über Rettungschancen. Er möchte den schwarzen h-Bauern erobern,
seinen Turm dann bei Bedarf für den schwarzen c-Bauern geben, um dann mit
seinem h-Bauern gegen den schwarzen Turm Remis zu halten.} Kd4 (40... Rd4) 41.
Rc1 Kd5 (41... Rxa2 42. Kg5 $11) 42. Kg5 Rd4 {Schwarz verteidigt seinen
h-Bauern, bevor er mit dem c-Bauern vorstößt.} 43. a3 c4 (43... Rd3 44. Kxh4
Rxa3 45. Kg4 c4 46. h4 $11) 44. a4 Kc5 (44... Rd3 45. Kxh4 Kd4 46. Kg4 $11) 45.
a5 Kb5 (45... Rd3 46. Kxh4 Ra3 47. Kg4 $11) 46. Ra1 Ka6 (46... c3 $2 47. a6 {
[%csl Ga6]} c2 48. a7 Ra4 49. Rc1 Rxa7 50. Rxc2 $16 {[%csl Rb5,Gc2,Gh3][%cal
Gc1c8]}) 47. Ra4 Rd5+ (47... Kb5 48. Ra1 {Das wäre nur Zugwiederholung.}) 48.
Kxh4 Rc5 {[%csl Gc4,Gc5][%cal Gc4c3,Gc3c2,Gc2c1]} 49. Kg4 c3 50. Ra1 c2 51. Rc1
(51. h4 $5 c1=Q 52. Rxc1 Rxc1 53. h5 $11) 51... Kxa5 52. h4 $11 {Der weiße
h-Bauer sichert das Remis.} Kb4 53. h5 Kb3 54. h6 Kb2 (54... Rc6 55. Kg5 $11 (
55. h7 $2 Rh6 $19)) 55. Rxc2+ Rxc2 (55... Kxc2 56. h7 Rc8 57. Kg5 Kd3 58. Kg6
Ke4 59. Kg7 $11) 56. Kg5 Rh2 57. Kg6 Kc3 58. h7 Rxh7 (58... Kd4 59. Kg7 $11)
59. Kxh7 1/2-1/2